00369nam a22001457a 4500003000400000005001700004008004100021020001800062040003000080050002800110100001800138245001900156260003900175300000900214OSt20251027100115.0230826b |||||||| |||| 00| 0 eng d a9789966499040 cChuka University Library aPL 8701.9 b.H33S2 2011 aHabwe John H. aSafari ya Lamu aNairobibLonghorn Publishersc2011 a293p